Budoucnost lidského společenství
Gespeichert in:
| 1. Verfasser: | |
|---|---|
| Format: | Buch |
| Sprache: | Tschechisch |
| Veröffentlicht: |
Praha
Karolinum
2000
|
| Schlagworte: | |
| Tags: |
Keine Tags, Fügen Sie das erste Tag hinzu!
|
MARC
| LEADER | 00000nam$a2200000$$^4500 | ||
|---|---|---|---|
| 001 | 0009372 | ||
| 005 | 20221129100809.8 | ||
| 020 | |a 80-7184-795-X | ||
| 041 | 0 | |a cze | |
| 044 | |a CZ | ||
| 245 | 1 | 0 | |a Budoucnost lidského společenství |c Jiří Stehlík |
| 264 | 1 | |a Praha |b Karolinum |c 2000 | |
| 300 | |a 368 s. | ||
| 610 | 2 | 0 | |a spoločnosť |
| 610 | 2 | 0 | |a príroda |
| 610 | 2 | 0 | |a globalizácia |
| 610 | 2 | 0 | |a civilizácia |
| 610 | 2 | 0 | |a štýl životný |
| 610 | 2 | 0 | |a teórie ekonomické |
| 610 | 2 | 0 | |a rozvoj trvalo udržateľný |
| 100 | 1 | |a Stehlík, Jiří | |